000 01640nam a2200421 a 4500
003 BLK
005 20230719085913.0
008 180411b bul|||||r ||||||| ||bul||
010 _aKNG00199228000
020 _a1-84013-292-2
040 _aBLK
041 _aENG
_cENG
072 7 _2bullib
_aН62
_xПриложни науки. Техника Н
080 _aПроизводство на часовници. Часовници. Вж 389.2 ; 529 ; 531.7 ; 671. 1
_b681.11
_x(02.062)
_z681.11(02.062)
080 _aПриложно изкуство. Художествени занаяти. Интериор. Дизайн. Играчки. Худож. пространствено оформление
_b745/749
_x:681.11(02.062)
_z745/749:681.11(02.062)
139 _aWatches
_bУ 70
_fW 31
_gУ 70
245 1 0 _aWatches
_ced. by Linda Doeser; ed. by Frank Edwards.
257 _aGBR
260 _bGrange Books
_c1999
_fprint. in Singapore
300 _a64 p.
_bill.
_c21X21 cm
380 _a7
490 _aThe Collector's Corner
650 4 _aЧасовници
_9177466
650 4 _aПриложно и декоративно изкуство
_9248151
653 _aчасовници
653 _aприложно изкуство
659 _aН
700 1 _aDoeser, Linda
_eed. by
_98785
700 1 _aEdwards, Frank
_eed. by
_9345081
852 _aЦб 284056
_bЦб
856 4 _qpdf
856 4 _qpdf
942 _cKNG
_n0
_s1
944 _aCR
_c16.01.2017
_lРусанова Ирена
_k30542
944 _aED
_c17.10.2017
_lф /
_kЛюдмила_Стоянова
999 _c190160
_d190160
999 _d190160
999 _d190160